| 000 | 03300cam a22004334i 4500 | ||
|---|---|---|---|
| 003 | PE-LiUPU | ||
| 005 | 20250731173358.0 | ||
| 008 | 150706s2010 enka r 000 0 eng d | ||
| 020 | _a9781845532581 | ||
| 035 | _a(Sirsi) i9781845532581 | ||
| 040 |
_aPE-LiUPU _bspa _cPE-LiUPU _erda |
||
| 049 | _aPRUA | ||
| 082 | 0 | 4 |
_a220.93 _bH5 _221 |
| 245 | 0 | 1 |
_aHistorical biblical archaeology and the future : _bthe new pragmatism / _ceditor Thomas E. Levy. |
| 264 | 1 |
_aLondon, Oakville : _bEquinox Pub. Ltd., _c2010. |
|
| 300 |
_a375 páginas : _bilustraciones ; _c25 centímetros |
||
| 336 |
_atext _2rdacontent |
||
| 337 |
_aunmediated _2rdamedia |
||
| 338 |
_avolume _2rdacarrier |
||
| 505 | 0 | _aNew trends in historical biblical archaeology -- The new pragmatism : integrating anthropological, digital, and historical biblical archaeologies -- Re-constructing biblical archaeology : towards an integration of archaeology and the Bible -- Future directions in the study of ethnicity in ancient Israel -- Biblical archaeology as social action in Israel : two case studies -- The archaeology of the levant in North America : the transformation of biblical and Syro-Palestinian archaeology -- Some applications -- Biblical archaeology and egyptology: old and Middle Kingdom perspective -- New perspectives on Levantine Mortuary ritual : a cognitive interpretive approach to the archaeology of death -- Under the shadow of the four-room house : biblical archaeology meets household archaeology in Israel -- The Philistines and their material culture in context : future directions of historical biblical archaeology for the study of cultural transmission -- Judha, Masos, and Hayil : the importance of etnohistory and oral traditions -- The four pillars of the Iron Age low Chronology -- From text to turf -- Texts in exile: Towards an Anthropological Methodology for incorporating texts and Archaeology -- Excavating the text of 1 Kings 9 : the gates of Solomon -- Culture, memory, and history : reflections on method in biblical studies -- Archaeology, the Bible, and history : the fall of the House of Omri and the origins of the Israelite state -- Integrating archaeology and texts : the example of the Qumran toilet -- In perspective -- Stones, bones, texts, and relevance or how I lost my fear of biblical archaeology and started enjoying it -- A Bible scholar in the City of David -- Books and stones and ancient Jewish history : a view from Camp David -- The archaeology of Palestine in the post-biblical periods : the intersection of text and artifact -- The changing place of biblical archaeology, exceptionalism or normal science -- Does biblical archaeology have a future?. | |
| 526 | _aSEG42 | ||
| 526 | _aSEG41 | ||
| 526 | _aSEG40 | ||
| 526 | _aSEG39 | ||
| 526 | _aP94 | ||
| 526 | _aP87 | ||
| 526 | _aP86 | ||
| 526 | _aP85 | ||
| 526 | _aP77 | ||
| 526 | _aP76 | ||
| 526 | _aP35 | ||
| 630 |
_aBiblia _xAntigüedades. |
||
| 700 | 1 |
_aThomas E. Levy, _ed. |
|
| 910 | _agl | ||
| 942 |
_2ddc _cBOOK |
||
| 949 |
_a220.9/3 H5 _wDEWEY _c1 _i62415 _lCCODEBUL1 _mBUL _p32.00 _r0 _sY _tBOOK _u2015-7-6 _xTEOLOGIA _0COMPRA _o.STAFF. Colección General |
||
| 980 |
_81 _gALBERTO SANCHEZ Responsable de Automatización |
||
| 999 |
_c51445 _d51445 |
||